Statistics for Tottenham Hotspur Top 10 Leaders

Click here to take the quiz!

General Stats

  • This quiz has been taken 181 times
    (92 since last reset)
  • The average score is 5 of 20

Answer Stats

GoalsAppsPlayer% Correct
280435Harry Kane
100%
157393Son Heung-min
81%
0447Hugo Lloris
74%
266379Jimmy Greaves
56%
143363Jermain Defoe
52%
39854Steve Perryman
23%
38611Gary Mabbutt
22%
208317Bobby Smith
21%
1590Pat Jennings
19%
110490Glenn Hoddle
17%
159378Cliff Jones
14%
174367Martin Chivers
14%
133439Alan Gilzean
13%
134307Len Duquemin
5%
17506Cyril Knowles
4%
112438Jimmy Dimmock
4%
138198George Hunt
3%
0452Ted Ditchburn
3%
139293John Cameron
1%
3523Tom Morris
1%

Score Distribution

Percentile by Number Answered

Percent of People with Each Score

Your Score History

You have not taken this quiz since the last reset